Statystyki dla Wielki test wiedzy o Niedziałku

Kliknij tutaj aby rozwiązać quiz!

Ogólne statystyki

  • Ten quiz został rozwiązany 10 razy
  • Średni wynik to 10 z 15

Statystyki odpowiedzi

ZagadnienieOdpowiedź% Poprawnych
Dlaczego Michał ma ksywkę "glovo"?bo przywozi jedzenie z maka
100%
Kto przywozi towar?czapa
86%
Kto jest starszy?Kamil
86%
Który z kierowców pracuje najdłużej?Mateusz "Smako"
86%
Na co jeździ Michał "glovo" do Gosi?na pierogi
86%
Co najczęściej kupuje Michał "glovo"?olej do silnika do swojej bmki
86%
Kto zostanie nowym sprzedawcą?tak szczerze to nie wiadomo...
86%
Kto nie był kierowcą, zanim został sprzedawcą?Kamil
71%
Kto zaczął pracę najwcześniej?Bartek
57%
Kto ma umowę na czas nieokreślony?Bartek
57%
Kto ma najdalej do pracy?Darek
57%
Kiedy Daniela nie ma w pracy?kiedy spadnie śnieg
43%
Jeżeli klient wejdzie do budynku, to w jakiej kolejności siedzą sprzedawcy?Łukasz, Michał, Kamil, Kuba, Piotrek, bo Wojtek jest na fajce
43%
Ile osób pracuje w firmie?12, bo Kuli się nie chce
29%
Jak Kuba wyjaśnił swój przedrostek "von"(czytaj: fon) na kajakach?"dlatego von, bo dużo dzwonię"
29%

Rozkład punktacji

Percentyl według liczby udzielonych odpowiedzi

Procent ludzi z każdym wynikiem

Twoja historia wyników

Nie rozwiązałeś tego quizu